Movies Quiz

Random Movies Quiz

Arnold Schwarzenegger Movie Acronyms Quiz Stats

Quiz not verified by Sporcle

Challenge
Share
Tweet
Embed
Score 0/29 Timer 06:00
0 Plays Today
Acronym Film % Correct
TTThe Terminator
97.5%
CTBConan the Barbarian
77.2%
KCKindergarten Cop
76.8%
PPredator
76.3%
TTJDTerminator 2: Judgment Day
75.5%
TRTotal Recall
72.2%
CCommando
69.7%
TLTrue Lies
69.3%
CTDConan the Destroyer
68.9%
EEraser
68.5%
TTROTMTerminator 3: Rise of the Machines
68.5%
EODEnd of Days
66%
LAHLast Action Hero
64.7%
TTwins
61.8%
JATWJingle All the Way
61.4%
Acronym Film % Correct
JJunior
58.5%
TRMThe Running Man
58.1%
HINYHercules in New York
53.9%
RHRed Heat
48.5%
CDCollateral Damage
48.5%
TSDThe 6th Day
46.9%
RSRed Sonja
41.5%
BARBatman & Robin
41.5%
ATWIEDAround the World in 80 Days
39%
RDRaw Deal
36.5%
SHStay Hungry
14.1%
TVThe Villain
13.3%
SHScavenger Hunt
7.1%
TTTDBATT2 3-D: Battle Across Time
3.3%

You're not logged in!

Compare scores with friends on all Sporcle quizzes.
Join for Free
OR
Log In

You Might Also Like...

Show Comments

Extras

Top Quizzes Today


Score Distribution

Your Account Isn't Verified!

In order to create a playlist on Sporcle, you need to verify the email address you used during registration. Go to your Sporcle Settings to finish the process.

Report this User

Report this user for behavior that violates our Community Guidelines.

Details: